<?xml version="1.0" encoding="UTF-8"?><?xml-stylesheet type="text/xsl" href="static/style.xsl"?><OAI-PMH xmlns="http://www.openarchives.org/OAI/2.0/" xmlns:xsi="http://www.w3.org/2001/XMLSchema-instance" xsi:schemaLocation="http://www.openarchives.org/OAI/2.0/ http://www.openarchives.org/OAI/2.0/OAI-PMH.xsd"><responseDate>2026-06-02T21:39:19Z</responseDate><request verb="GetRecord" identifier="oai:riuma.uma.es:10630/25014" metadataPrefix="marc">https://riuma.uma.es/rest/oai/request</request><GetRecord><record><header><identifier>oai:riuma.uma.es:10630/25014</identifier><datestamp>2026-02-03T10:25:45Z</datestamp><setSpec>com_10630_1685</setSpec><setSpec>col_10630_38055</setSpec></header><metadata><record xmlns="http://www.loc.gov/MARC21/slim" xmlns:dcterms="http://purl.org/dc/terms/" xmlns:doc="http://www.lyncode.com/xoai" xmlns:xsi="http://www.w3.org/2001/XMLSchema-instance" xsi:schemaLocation="http://www.loc.gov/MARC21/slim http://www.loc.gov/standards/marcxml/schema/MARC21slim.xsd">
   <leader>00925njm 22002777a 4500</leader>
   <datafield ind2=" " ind1=" " tag="042">
      <subfield code="a">dc</subfield>
   </datafield>
   <datafield ind2=" " ind1=" " tag="720">
      <subfield code="a">Pyzh, Maryana</subfield>
      <subfield code="e">author</subfield>
   </datafield>
   <datafield ind2=" " ind1=" " tag="260">
      <subfield code="c">2022-07</subfield>
   </datafield>
   <datafield ind2=" " ind1=" " tag="520">
      <subfield code="a">Este Proyecto Fin de Grado pretende implementar el sistema cardiorrespiratorio&#xd;
a través de la Programación Orientada a Objetos y utilizar una doble analogía&#xd;
eléctrica para facilitar su implementación e interpretación.&#xd;
En primer lugar, se realiza un estudio introductorio de la fisiología y anatomía&#xd;
del sistema cardiorrespiratorio, tanto de la parte respiratoria como de la cardíaca,&#xd;
así como de la relación entre ambos sistemas.&#xd;
Posteriormente, se presenta un modelo matemático basado en ecuaciones diferenciales&#xd;
que representan las partes cardiovascular y respiratoria por separado, lo&#xd;
que permite una posterior interconexión entre ambos modelos. A su vez, el sistema&#xd;
cardiopulmonar, que ya estará formado por la conexión entre los dos sistemas,&#xd;
será sometido a pruebas funcionales en condiciones normales durante el&#xd;
reposo y el ejercicio, y en condiciones patológicas como la obstrucción pulmonar&#xd;
y la regurgitación aórtica.&#xd;
La principal ventaja de someter a los sistemas pulmonar y cardiovascular a&#xd;
una patología es mostrar cómo estos sistemas se afectan mutuamente y sus consecuencias.&#xd;
Por último, el modelo puede ser utilizado en la investigación y por los especialistas&#xd;
para comprender la función cardiorrespiratoria y su estrecha relación.</subfield>
   </datafield>
   <datafield ind1="8" ind2=" " tag="024">
      <subfield code="a">https://hdl.handle.net/10630/25014</subfield>
   </datafield>
   <datafield tag="653" ind2=" " ind1=" ">
      <subfield code="a">Programación orientada a objetos</subfield>
   </datafield>
   <datafield tag="653" ind2=" " ind1=" ">
      <subfield code="a">Ingeniería biomédica</subfield>
   </datafield>
   <datafield tag="653" ind2=" " ind1=" ">
      <subfield code="a">Informática - Trabajos Fin de Grado</subfield>
   </datafield>
   <datafield tag="653" ind2=" " ind1=" ">
      <subfield code="a">Grado en Ingeniería de la Salud - Trabajos Fin de Grado</subfield>
   </datafield>
   <datafield ind2="0" ind1="0" tag="245">
      <subfield code="a">Modelado físico del sistema cardiorrespiratorio y sus interacciones usando SIMSCAPE</subfield>
   </datafield>
</record>
</metadata></record></GetRecord></OAI-PMH>